000 00689cam a22002413a 4500
001 2553
003 PGUSA
005 20140828083016.0
008 060328s2006||||xxu|||||s|||||000 | eng d
040 _aPGUSA
_beng
042 _adc
050 4 _aDC
100 1 _aOliphant,
_cMrs
_q(Margaret),
_d1828-1897
245 1 0 _aJeanne D'Arc :
_bHer Life And Death
_h[electronic resource] /
_cOliphant,
260 _bProject Gutenberg,
_c2006
506 _aPublic domain in the USA.
516 _aElectronic text
653 _aFrance -- History
653 _aJoan, of Arc, Saint, 1412-1431
830 0 _aProject Gutenberg
_v2553
856 4 0 _uhttp://www.gutenberg.org/ebooks/2553
942 _cEB
999 _c231890
_d231890